Fundamentals of engineering drawing (Record no. 63347)
[ view plain ]
| 000 -LEADER | |
|---|---|
| fixed length control field | 01044nam a2200217 a 4500 |
| 008 - FIXED-LENGTH DATA ELEMENTS--GENERAL INFORMATION | |
| fixed length control field | 120416s1979 ||||||||||||||||| || u |
| 020 ## - INTERNATIONAL STANDARD BOOK NUMBER | |
| International Standard Book Number | 0070325170 |
| 050 ## - LIBRARY OF CONGRESS CALL NUMBER | |
| Classification number | T 353 Jen |
| 100 ## - MAIN ENTRY--PERSONAL NAME | |
| Personal name | Jensen, Cecil Howard, 1925- |
| 245 10 - TITLE STATEMENT | |
| Title | Fundamentals of engineering drawing |
| 260 ## - PUBLICATION, DISTRIBUTION, ETC. | |
| Place of publication, distribution, etc. | New York : |
| Name of publisher, distributor, etc. | McGraw-Hill |
| Date of publication, distribution, etc. | 1979 |
| 300 ## - PHYSICAL DESCRIPTION | |
| Extent | ix, 351p. : ill. |
| 350 ## - | |
| -- | 0.00 |
| 500 ## - GENERAL NOTE | |
| General note | 'Consists of chapters 1 through 18 of Engineering drawing and design, second edition. Bibliography. |
| 650 ## - SUBJECT ADDED ENTRY--TOPICAL TERM | |
| Topical term or geographic name entry element | MECHANICAL DRAWING |
| 650 ## - SUBJECT ADDED ENTRY--TOPICAL TERM | |
| Topical term or geographic name entry element | ENGINEERING |
| 700 ## - ADDED ENTRY--PERSONAL NAME | |
| Personal name | Helsel, Jay D |
| 995 ## - | |
| -- | ANNEX COLLECTION (Main Library) |
| -- | 0.00 |
| -- | 713567 |
| -- | CBU-MAIN LIBRARY (Kitwe) |
| -- | 1 |
| -- | 16.95 |
| -- | T 353 Jen |
| -- | 1 |
| -- | AVAILABLE |
| -- | 019184 |
| -- | Annex Low-Usage Collection |
| 995 ## - | |
| -- | ANNEX COLLECTION (Main Library) |
| -- | 0.00 |
| -- | 713568 |
| -- | CBU-MAIN LIBRARY (Kitwe) |
| -- | 2 |
| -- | 16.95 |
| -- | T 353 Jen |
| -- | 2 |
| -- | AVAILABLE |
| -- | 026923 |
| -- | Annex Low-Usage Collection |
| 995 ## - | |
| -- | TEXTBOOKS (SBE) |
| -- | 0.00 |
| -- | 2247 |
| -- | CBU-SCHOOL TEXTBOOK COLLECTIONS |
| -- | 1 |
| -- | 0.00 |
| -- | SCHOOL TEXTBOOK |
| -- | 3 |
| -- | AVAILABLE |
| -- | Oct 27, 2008 |
| -- | 2247 |
| -- | School Collections |
| 999 ## - | |
| -- | 63347 |
| -- | 63347 |
| Withdrawn status | Lost status | Source of classification or shelving scheme | Damaged status | Not for loan | Permanent Location | Current Location | Shelving location | Date acquired | Total Checkouts | Full call number | Barcode | Date last seen | Price effective from | Koha item type |
|---|---|---|---|---|---|---|---|---|---|---|---|---|---|---|
| CBU-MAIN LIBRARY, KITWE. | CBU-MAIN LIBRARY, KITWE. | 12/24/2022 | T 353 Jen | 019184 | 12/24/2022 | 12/24/2022 | MONOGRAPH | |||||||
| CBU-MAIN LIBRARY, KITWE. | CBU-MAIN LIBRARY, KITWE. | 12/24/2022 | T 353 Jen | 026923 | 12/24/2022 | 12/24/2022 | MONOGRAPH | |||||||
| CBU-SCHOOL TEXT BOOK COLLECTION | CBU-SCHOOL TEXT BOOK COLLECTION | 12/24/2022 | SCHOOL TEXTBOOK | 2247 | 12/24/2022 | 12/24/2022 | MONOGRAPH |